| 000 | 01196nam a2200313 a 4500 | ||
|---|---|---|---|
| 001 | 000115633 | ||
| 003 | CHAP | ||
| 005 | 20220329144542.0 | ||
| 008 | 190617s2018 mx a |sm |||||||spa d | ||
| 010 | _a112094 | ||
| 011 | _a113066 | ||
| 040 | _cCHAP | ||
| 090 | _aTesis | ||
| 100 | 1 |
_aTerrazas Ahumada, Diego. _9136103 |
|
| 245 | 1 | 0 |
_aRecuperación de energía eólica residual de extractores de aire en invernaderos _h[En línea] _cpor Diego Terrazas Ahumada. |
| 260 |
_aChapingo, Méx. : _bEl autor, _c2018. |
||
| 500 | _aPara ver el contenido del material haga clic en la liga | ||
| 502 | _aTesis (M. C. en Ingeniería Agrícola y Uso Integral del Agua) -- UACH. Departamento de Ingeniería Mecanica Agrícola y Departamento de Irrigación | ||
| 590 |
_aBATCH-UPD _b05 _c20190617 _lUCH01 _h1230 |
||
| 590 |
_aE6337LMJ _b05 _c20190617 _lUCH01 _h1230 |
||
| 590 |
_aE6337LMJ _b05 _c20190617 _lUCH01 _h1230 |
||
| 650 | 1 | 4 |
_aEnergía eólica _xAprovechamiento. _9133537 |
| 650 | 1 | 4 |
_aEnergía renovable. _936910 |
| 650 | 1 | 4 |
_aInvernaderos _xVentilación. _9126353 |
| 856 |
_aFinding aid _uhttp://10.13.5.2/tesis/sist115633.pdf _zTeclea aquí |
||
| 901 | _aBK | ||
| 942 | _cTESIS | ||
| 942 | _n0 | ||
| 999 |
_c112094 _d112094 |
||